United Airlines Domestic Destinations - Statistics

General Stats
  • This quiz has been taken 53 times
  • The average score is 81 of 115
Answers on the Map
Answers color-coded by a green-red scale on the quiz's map according to % correct below.
 
Answer Stats
Answer % Correct
Portland, ME
98%
Portland, OR
98%
San Francisco
98%
Seattle
98%
Dallas
95%
Houston
95%
San Diego
95%
Boston
93%
Las Vegas
93%
Los Angeles
93%
New Orleans
93%
New York
93%
Philadelphia
93%
Phoenix
93%
Anchorage
90%
Denver
90%
Detroit
90%
El Paso
90%
Miami
90%
Sacramento
90%
Salt Lake City
90%
San Antonio
90%
Washington (Reagan / Dulles)
90%
Atlanta
88%
Austin
88%
Chicago
88%
Columbus
88%
Indianapolis
88%
Jackson
88%
Memphis
88%
Minneapolis
88%
Newark
88%
San Jose
88%
Cincinnati
85%
Cleveland
85%
Honolulu
85%
Kansas City
85%
Milwaukee
85%
Oklahoma City
85%
Orlando
85%
St. Louis
85%
Baltimore
83%
Charlotte
83%
Jacksonville
83%
Nashville
83%
Pittsburgh
83%
Buffalo
80%
Reno
80%
Tampa
80%
Tucson
80%
Albuquerque
78%
Boise
78%
Fort Lauderdale
76%
Omaha
76%
Spokane
76%
Tulsa
76%
Albany
73%
Fresno
73%
Providence
73%
Raleigh
73%
Birmingham
71%
Des Moines
71%
Fairbanks
71%
Louisville
71%
Madison
71%
Mobile
71%
Eugene
68%
Richmond
68%
Rochester
68%
Colorado Springs
66%
Harrisburg
66%
Hartford
66%
Wichita
66%
Billings
63%
Charleston
63%
Grand Rapids
63%
Sioux Falls
63%
Syracuse
63%
Burbank
61%
Burlington
61%
Bozeman
59%
Ontario
59%
Palm Springs
59%
Santa Barbara
59%
Savannah
59%
Manchester
56%
Greensboro
54%
Knoxville
54%
Norfolk
54%
Sarasota
54%
Huntsville
51%
Myrtle Beach
51%
Pensacola
51%
Santa Ana
51%
Cedar Rapids
49%
Fort Myers
49%
McAllen
49%
Panama City
46%
Midland
44%
Rapid City
44%
Redding
44%
Missoula
41%
Vail
41%
West Palm Beach
41%
Wilmington
41%
Eureka
39%
Medford
39%
Kahului
37%
Lihue
37%
Kalispell
32%
Traverse City
32%
Prescott
29%
Redmond
29%
Kailua-Kona
22%
Montrose
20%
No matching quizzes found
Score Distribution
Percent of People with Each Score
Percentile by Number Answered
Your Score History
You have not taken this quiz